00634nam a2200193Ia 4500008004100000020001500041050001500056100002300071245004600094260003800140300003600178336001000214337001400224338001200238500003500250505010000285650003300385650002200418120720s si a 000 0 spa d a2880464145 aZ253 bC37 aCarter, Robeautor aDiseñando con tipografiac / Rob Carter aSingapurb : Rotovisiónc, 199- a159 páginasb : Ilustraciones atexto asin medio avolumen aIncluye: índice (pp.156-157) aIntroducción Nociones fundamentales Directorio de diseñadores Proveedores de tipografía 10aIMPRENTAvMANUALES DE ESTILO20aIMPRENTAxTRAZADO